| 000 | 01257nam a22002897a 4500 | ||
|---|---|---|---|
| 001 | 4777 | ||
| 003 | FISKH | ||
| 005 | 20250815125413.0 | ||
| 008 | 241010b cb ||||| |||| 00| 0 eng d | ||
| 020 | _a9789814281263 | ||
| 040 |
_aFISKH _beng _cFISKH _dFISKH |
||
| 082 | _a428.6 | ||
| 100 |
_aRandell, Beverley _d(1931-) |
||
| 245 |
_aJack and the magic harp / _cRetold by Beverley Randell Illustrated by Naomi C Lewis |
||
| 250 | _aFirst published in 1999 | ||
| 260 |
_aNew York : _bNelson Price Milburn, _c1999. |
||
| 300 |
_a32 pages : _bColor illustrations ; _c21 cm |
||
| 505 | _aN | ||
| 520 | _aThis story has been adapted from 'The Bee, the Harp, the Mouse and the Bum-Clock' (Donegal Fairy Stories, Sedmas McManus, Doubleday 1990). It contains strong echoes of 'Jack and the Beanstalk,' and of Grimm's 'Simpleton and the Golden Goose' (in which a king's daughter could not laugh). The kingdom, the castle and the magic harp give a medieval flavour to this cheerful Irish story. Set in West Ireland in the 15th century. | ||
| 521 | 8 |
_a530
_bLexile |
|
| 521 | 8 |
_aN
_bRaz-Plus |
|
| 650 |
_2Fiction _aFunny |
||
| 650 |
_2Fables and Tales _aFairy tale |
||
| 700 |
_aLewis, C Naomi _dIllustrator |
||
| 942 |
_2ddc _cBK _n0 |
||
| 999 |
_c4777 _d4777 |
||